|
|
|
|
| LEADER |
00000nab a2200000 ar4500 |
| 001 |
vtls009496082 |
| 003 |
SK-MaSNL |
| 005 |
20260305041014.0 |
| 008 |
180405c2009 xo qr|p|||||||000 b|slo |
| 038 |
|
|
|a RVGKPD
|
| 040 |
|
|
|a RVGKPD
|b slo
|c RVGKPD
|e AACR2
|
| 041 |
|
|
|a slo
|
| 044 |
|
|
|a xo
|c SK
|
| 080 |
|
|
|a 94
|x (437.6)
|2 1997
|
| 100 |
1 |
|
|a Hanuštiaková, Zuzana
|4 aut
|9 732559
|
| 245 |
1 |
0 |
|a Od začiatku II. svetovej vojny....
|c Zuzana Hanuštiaková
|
| 300 |
|
|
|b Fotogr.
|
| 650 |
0 |
7 |
|a druhá svetová vojna (1939-1945)
|2 rvgkpd
|9 169657
|
| 651 |
|
7 |
|a Gemerská Poloma (Slovensko)
|2 rvgkpd
|9 29357
|
| 651 |
|
7 |
|a Rožňava (Slovensko : okres)
|2 rvgkpd
|9 19215
|
| 773 |
0 |
|
|t Polomské noviny
|g Roč. XIV, č. 1 (apríl 2009), s. 3
|
| 852 |
|
|
|a RVGKPD
|b KIS3G
|
| 992 |
|
|
|a RBX
|
| 999 |
|
|
|c 3341521
|d 3343451
|